| 000 | 01057nam0a22002771 4500 | ||
|---|---|---|---|
| 001 | rc\4692148 | ||
| 005 | 20250612153957.0 | ||
| 021 |
_aRU _b[58-44053] |
||
| 035 | _a(NLR Aleph) 008714066 | ||
| 090 |
_a9376549 _c9376549 |
||
| 100 | _a20130416d1958 |||y0rusy50 ca | ||
| 101 | 0 | _arus | |
| 102 | _aRU | ||
| 105 | _aa z ||||| | ||
| 200 | 1 | _aЭлектрическая защита от коррозии подземных металлических сооружений | |
| 210 |
_aМосква _aЛенинград _cГосэнергоиздат _d1958 |
||
| 215 |
_a239 с. _cил. _d21 |
||
| 320 | _aБиблиогр.: с. 231-234 (81 назв.) | ||
| 606 |
_aПодземные сооружения, металлические _xЗащита от коррозии _2psbo |
||
| 700 | 1 |
_4070 _7ca _8rus _aПритула _bВ. А. _f1910-1975 _gВсеволод Александрович _9271662 _3RU\NLR\AUTH\770271718 |
|
| 801 | 0 |
_aRU _bNLR _gpsbo |
|
| 801 | 1 |
_aRU _bELAR _2rusmarc |
|
| 852 |
_aNLR _j58-3/3703 |
||
| 942 | _cBOOK | ||
| 980 | _aNB | ||